خاندان / (Record no. 107155)

MARC details
000 -LEADER
fixed length control field 00776nam a22002537a 4500
005 - DATE AND TIME OF LATEST TRANSACTION
control field 20170123162322.0
010 ## - LIBRARY OF CONGRESS CONTROL NUMBER
LC control number 402355
020 ## - INTERNATIONAL STANDARD BOOK NUMBER
Terms of availability 5.25
035 ## - SYSTEM CONTROL NUMBER
System control number 402355
037 ## - SOURCE OF ACQUISITION
Source of stock number/acquisition Cen Lib/Ret
040 ## - CATALOGING SOURCE
Original cataloging agency DPL
Language of cataloging UR
082 ## - DEWEY DECIMAL CLASSIFICATION NUMBER
Classification number 847
Item number ص د ی
100 ## - MAIN ENTRY--PERSONAL NAME
Personal name صدیقی، احمد
9 (RLIN) 117561
245 ## - TITLE STATEMENT
Title خاندان /
Statement of responsibility, etc احمد صدیقی
246 ## - VARYING FORM OF TITLE
Title proper/short title Khandan /
Remainder of title by Ahmad SIdiqi
260 ## - PUBLICATION, DISTRIBUTION, ETC. (IMPRINT)
Place of publication, distribution, etc نیی دہلی
Name of publisher, distributor, etc مقتبہ جمی لمیٹڈ
Date of publication, distribution, etc 1965
270 ## - ADDRESS
City نیی دہلی
Address اردو بازار
Postal code 110006
300 ## - PHYSICAL DESCRIPTION
Extent 383p.
Dimensions 18cm(Hb)
650 ## - SUBJECT ADDED ENTRY--TOPICAL TERM
Topical term or geographic name as entry element اردو ادب
9 (RLIN) 117562
650 ## - SUBJECT ADDED ENTRY--TOPICAL TERM
Topical term or geographic name as entry element اردو مضمون
9 (RLIN) 117563
650 ## - SUBJECT ADDED ENTRY--TOPICAL TERM
Topical term or geographic name as entry element Urdu literature
9 (RLIN) 117564
650 ## - SUBJECT ADDED ENTRY--TOPICAL TERM
Topical term or geographic name as entry element Urdu essays
9 (RLIN) 528
942 ## - ADDED ENTRY ELEMENTS (KOHA)
Source of classification or shelving scheme Dewey Decimal Classification
Koha item type Urdu Bks
Classification part 847
Call number suffix ص د ی
Holdings
Withdrawn status Lost status Damaged status Not for loan Home library Current library Date acquired Source of acquisition Cost, normal purchase price Total Checkouts Full call number Barcode Date last seen Copy number Cost, replacement price Price effective from Koha item type
        Central Library Central Library 04/01/2016 Cen Lib/Ret 5.25   847 ص د ی 402355 04/01/2016 1 5.25 04/01/2016 Urdu Bks

© Delhi Public Library
Hit Counter
free hit counter